Optimal communication system design / (Record no. 183312)

000 -LEADER
fixed length control field 00498 a2200169 4500
003 - CONTROL NUMBER IDENTIFIER
control field NUST
005 - DATE AND TIME OF LATEST TRANSACTION
control field 20251021131609.0
040 ## - CATALOGING SOURCE
Transcribing agency Nust
082 ## - DEWEY DECIMAL CLASSIFICATION NUMBER
Classification number 621.382,RAS
100 ## - MAIN ENTRY--PERSONAL NAME
Personal name Rasheed , Bilal NC ( TE-38/TCC-13)
9 (RLIN) 131337
245 ## - TITLE STATEMENT
Title Optimal communication system design /
Statement of responsibility, etc. NC Bilal Rasheed , NC Zohaib Naveed , PC Zain Mohtarem , PC Ali Asif
260 ## - PUBLICATION, DISTRIBUTION, ETC.
Place of publication, distribution, etc. Rawalpindi
Name of publisher, distributor, etc. MCS,NUST
Date of publication, distribution, etc. 2005
300 ## - PHYSICAL DESCRIPTION
Extent 91,p.;
650 ## - SUBJECT ADDED ENTRY--TOPICAL TERM
Topical term or geographic name entry element UG Projects
9 (RLIN) 98716
651 ## - SUBJECT ADDED ENTRY--GEOGRAPHIC NAME
Geographic name TE-38/TCC-13
9 (RLIN) 131338
942 ## - ADDED ENTRY ELEMENTS (KOHA)
Koha item type Project Report
Source of classification or shelving scheme
Holdings
Withdrawn status Lost status Source of classification or shelving scheme Damaged status Not for loan Permanent Location Current Location Shelving location Date acquired Full call number Barcode Date last seen Price effective from Koha item type Public note
          Military College of Signals (MCS) Military College of Signals (MCS) Reference 12/12/2016 621.382,RAS MCSPTE-125 12/08/2016 12/12/2016 Project Report Almirah No.90, Shelf No.3
© 2023 Central Library, National University of Sciences and Technology. All Rights Reserved.